000 00579nam a22001817a 4500
005 20240205141756.0
010 _aENG-139119
020 _a9789350800522
_c2500.00
035 _aEN-122651
037 _bDBAD/PUB
082 _a338.10954
_2First Edition
100 _aPawar Sharad
_961662
245 _aTransforming Agriculture Transforming India
_cSharad Pawar
260 _aPune
_bUthas Latkar Ameya Inspiring Books
_c2014
270 _bPune
_a207, Business Guild, Law College Road
_e411004
300 _a290p.
_c9cm(hb)
942 _2ddc
_cEN
_mPAW
_h338.10954
999 _c200549
_d200549